Présidents de l'Assemblée de Corse - Statistiques

Statistiques générales
  • Ce quiz a été pris 24 fois
  • Le résultat moyen est 5 sur 10
Statistiques - réponses
Dates Président % Correct
2015-2021 Jean-Guy Talamoni
90%
2004-2010 Camille de Rocca Serra
60%
1980-1981 Jean-Paul de Rocca Serra
60%
1984-1998 Jean-Paul de Rocca Serra
60%
1998-2004 José Rossi
50%
2021-... Marie-Antoinette Maupertuis
50%
1974-1979 François Giacobbi
40%
2010-2015 Dominique Bucchini
30%
1981-1984 Prosper Alfonsi
30%
1979-1980 Jean Filippi
20%
Aucun quiz correspondant
Distribution des résultats
% des personnes avec chaque résultat
Percentile par nombre de réponses
Votre historique - résultats
Vous n’avez pas pris ce quiz